Introduction to chemistry

Tallennettuna:
Bibliografiset tiedot
Päätekijä: Chang, Raymond
Aineistotyyppi: Kirja
Kieli:Undetermined
Julkaistu: Boston McGraw-Hill 2005
Aiheet:
Tagit: Lisää tagi
Ei tageja, Lisää ensimmäinen tagi!
Thư viện lưu trữ: Trung tâm Học liệu Trường Đại học Cần Thơ
LEADER 00447nam a2200181Ia 4500
001 CTU_98235
008 210402s9999 xx 000 0 und d
082 |a 540 
082 |b C456 
100 |a Chang, Raymond 
245 0 |a Introduction to chemistry 
245 0 |c Raymond Chang 
260 |a Boston 
260 |b McGraw-Hill 
260 |c 2005 
650 |a Chemistry 
904 |i Truc 
980 |a Trung tâm Học liệu Trường Đại học Cần Thơ